| 000 | 00800nam a22002177a 4500 | ||
|---|---|---|---|
| 003 | OSt | ||
| 005 | 20260512115513.0 | ||
| 008 | 260512b |||||||| |||| 00| 0 eng d | ||
| 020 | _a9781784874124 | ||
| 040 | _aKenya National Library Service | ||
| 082 | _a823.8 WIL | ||
| 100 |
_aWilde, Oscar _eAuthor |
||
| 245 |
_aThe Picture of Dorian Gray / _cOscar Wilde |
||
| 300 |
_a194 pages ; _c18 cm. |
||
| 520 | _aAn exquisitely beautiful young man in Victorian England retains his youthful and innocent appearance over the years while his portrait reflects both his age and evil soul as he pursues a life of decadence and corruption. | ||
| 650 |
_aBiography _vFiction. |
||
| 650 | _aHistorical fiction. | ||
| 942 |
_2ddc _cBK _n0 |
||
| 999 |
_c492710 _d492710 |
||